NUMERICAL METHODS (Record no. 9217)
[ view plain ]
| 000 -LEADER | |
|---|---|
| fixed length control field | 00649nam a22001697a 4500 |
| 003 - CONTROL NUMBER IDENTIFIER | |
| control field | SGT |
| 020 ## - INTERNATIONAL STANDARD BOOK NUMBER | |
| International Standard Book Number | 9788122433234 |
| 082 ## - DEWEY DECIMAL CLASSIFICATION NUMBER | |
| Classification number | 518.4,JAI |
| 100 ## - MAIN ENTRY--PERSONAL NAME | |
| Personal name | JAIN, M. K. |
| 245 ## - TITLE STATEMENT | |
| Title | NUMERICAL METHODS |
| Remainder of title | FOR SCIENTIFIC AND ENGINEERING COMPUTATION |
| 250 ## - EDITION STATEMENT | |
| Edition statement | 6TH |
| 260 ## - PUBLICATION, DISTRIBUTION, ETC. (IMPRINT) | |
| Place of publication, distribution, etc | NEW DELHI |
| Name of publisher, distributor, etc | NEW AGE INTERNATIONAL PUBLISHERS |
| Year of Publication | 2015 |
| 300 ## - PAGE DESCRIPTION | |
| No. of Pages | 722 |
| 650 ## - SUBJECT ADDED ENTRY--TOPICAL TERM | |
| Topical term or geographic name as entry element | NUMERICAL METHODS |
| 653 ## - KEYWORDS--INDEX TERM | |
| Keyword term | HIGH SPEED COMPUTATION, TRANSCENDENTAL AND POLYNOMIAL EQUATIONS, SYSTEM OF LINEAR ALGEBRAIC EQUATIONS,SYSTEM OF LINEAR ALGEBRAIC EQUATIONS AND EIGENVALUE PROBLEMS INTER PROLATION AND APPROXIMATION, DIFERENTIATION AND INTEGRATION |
| 942 ## - ADDED ENTRY ELEMENTS (KOHA) | |
| Source of classification or shelving scheme | Dewey Decimal Classification |
| Koha item type | FPS Books |
| 942 ## - ADDED ENTRY ELEMENTS (KOHA) | |
| -- | 6 |
| Withdrawn status | Lost status | Source of classification or shelving scheme | Damaged status | Not for loan | Collection code | Home library | Current library | Shelving location | Date acquired | Vendor Name | Cost, normal purchase price | SGTU | Bill Number | Total Checkouts | Full call number | Accession No. (Barcode) | Date last seen | Date last borrowed | Bill Date | Koha item type |
|---|---|---|---|---|---|---|---|---|---|---|---|---|---|---|---|---|---|---|---|---|
| Dewey Decimal Classification | Not For Loan | SCIENCE | SGT Science & Social Sciences Library | SGT Science & Social Sciences Library | Text Book | 24/06/2016 | AHUJA BOOKS | 475.00 | SGTU | 6884 | 2 | 518.4,JAI | PS1885 | 08/04/2021 | 17/03/2021 | 21/04/2016 | FPS Books | |||
| Dewey Decimal Classification | Not For Loan | SCIENCE | SGT Science & Social Sciences Library | SGT Science & Social Sciences Library | Reference Book | 24/06/2016 | AHUJA BOOKS | 475.00 | SGTU | 6884 | 518.4,JAI | PS1886 | 24/06/2016 | 21/04/2016 | FPS Books | |||||
| Dewey Decimal Classification | SCIENCE | SGT Science & Social Sciences Library | SGT Science & Social Sciences Library | Text Book | 24/06/2016 | AHUJA BOOKS | 475.00 | SGTU | 6884 | 2 | 518.4,JAI | PS1887 | 15/03/2022 | 26/02/2022 | 21/04/2016 | FPS Books | ||||
| Dewey Decimal Classification | SCIENCE | SGT Science & Social Sciences Library | SGT Science & Social Sciences Library | Text Book | 24/06/2016 | AHUJA BOOKS | 475.00 | SGTU | 6884 | 6 | 518.4,JAI | PS1888 | 04/07/2024 | 09/05/2024 | 21/04/2016 | FPS Books |